| 000 | 00690atm a2200253 4500 | ||
|---|---|---|---|
| 005 | 20260408170829.0 | ||
| 008 | 150519b1995 xxu||||| |||| 00| 0 spa d | ||
| 041 | _aESP | ||
| 082 | _a001.42 P153d | ||
| 100 | _aPalacios Echeverría, Alfonso José | ||
| 245 | _aEl diseño de la investigación administrativa | ||
| 260 | _aCosta Rica | ||
| 260 | _bEdiciones Guayacán | ||
| 260 | _c1995 | ||
| 300 | _a114 páginas | ||
| 490 | _aTemática General | ||
| 650 | _aMÉTODOS DE INVESTIGACIÓN | ||
| 650 | _aPLANEACIÓN DE LA INVESTIGACION | ||
| 650 | _aMETODOLOGÍA | ||
| 650 | _aINVESTIGACIÓN ADMINISTRATIVA | ||
| 650 | _aPLAN DE TRABAJO | ||
| 650 | _aANÁLISIS | ||
| 942 |
_cBK _2ddc |
||
| 999 |
_c12 _d12 |
||